Normal view
MARC view
Entry Nombre personal
001 - NÚMERO DE CONTROL
- campo de control: 900
003 - IDENTIFICADOR DE NÚMERO DE CONTROL
- campo de control: DLC
005 - FECHA Y HORA DE LA ÚLTIMA TRANSACCIÓN
- campo de control: 20260316103103.0
008 - ELEMENTOS DE DATO DE LONGITUD-FIJA
- campo de control de longitud fija: 921125n| acannaab| |n aaa |||
010 ## - NÚMERO DE CONTROL DE LA BIBLIOTECA DEL CONGRESO
- Número de control de LC: n 92114071
040 ## - FUENTE DE CATALOGACIÓN
- Centro catalogador/agencia de origen: DLC
- Centro/agencia transcriptor: DLC
- Centro/agencia modificador: DLC
100 10 - ENCABEZAMIENTO-NOMBRE DE PERSONA
- Nombre de persona: Vasquez, Manuel
670 ## - FUENTE DE DATOS ENCONTRADOS
- Cita de la fuente: His The danger within, c1993:
- Información encontrada: CIP t.p. (Manuel Vasquez)
670 ## - FUENTE DE DATOS ENCONTRADOS
- Cita de la fuente: God's 800 number, 1995:
- Información encontrada: CIP t.p. (Manuel Vasquez) data sheet (b. 5/19/37)